Fauves / (Record no. 151007)

MARC details
000 -LEADER
campo de control de longitud fija 00663nam a2200169 i 4500
001 - NÚMERO DE CONTROL
campo de control 151007
003 - IDENTIFICADOR DE NÚMERO DE CONTROL
campo de control ES-MaACL
005 - FECHA Y HORA DE LA ÚLTIMA TRANSACCIÓN
campo de control 20230906203810.0
007 - CAMPO FIJO DE DESCRIPCIÓN FÍSICA--INFORMACIÓN GENERAL
campo de control de longitud fija t|
008 - DATOS DE LONGITUD FIJA--INFORMACIÓN GENERAL
campo de control de longitud fija 071127s1935 fr ||||1| fre d
100 1# - ENTRADA PRINCIPAL--NOMBRE DE PERSONA
Nombre de persona Demaison, André.
9 (RLIN) 43610
245 10 - MENCIÓN DEL TÍTULO
Título Fauves /
Mención de responsabilidad, etc. André Demaison.
260 ## - PUBLICACIÓN, DISTRIBUCIÓN, ETC.
Lugar de publicación, distribución, etc. Paris :
Nombre del editor, distribuidor, etc. Flammarion,
Fecha de publicación, distribución, etc. 1935.
300 ## - DESCRIPCIÓN FÍSICA
Extensión 64 p. :
Otras características físicas il. ;
Dimensiones 26 cm.
505 8# - NOTA DE CONTENIDO CON FORMATO
Nota de contenido con formato Contiene: L'origine du malentendu.--Les reptiles et sauriens.--Les mammifères.--Le lion.--Le tigre.--Panthères, léopards et onces.--Pumas et jaguars.--Les grands adversaires.--Les ennemis sournois et invisible.--Conclusion / 164 illustrations
852 ## - LOCALIZACIÓN
Ubicación ES-MaACL
Número de control de estantería 1810-F-8
Holdings
Estatus retirado Estado de pérdida Estado de daño No para préstamo Colección Biblioteca de origen Biblioteca actual Ubicación en estantería Fecha de adquisición Fuente de adquisición Total de préstamos Signatura topográfica completa Código de barras Visto por última vez Precio de reemplazo Tipo de ítem Koha
        Colección de folletos Biblioteca del Ateneo de Madrid Biblioteca del Ateneo de Madrid Depósito folletos 17/01/2008     1810-F-8 1157573 23/02/2023 23/02/2023 Folleto